|
|
|
|
| LEADER |
00000nam0a2200000 4500 |
| 001 |
110615 |
| 005 |
20231031120520.0 |
| 020 |
|
|
|a RU
|b 85-100822
|
| 035 |
|
|
|a (RuTPU)RU\TPU\book\119459
|
| 090 |
|
|
|a 110615
|
| 100 |
|
|
|a 20070227d1985 km y0rusy5003 ca
|
| 101 |
0 |
|
|a rus
|
| 102 |
|
|
|a RU
|
| 105 |
|
|
|a a z 001zy
|
| 200 |
1 |
|
|a Прогноз, поиски и разведка месторождений кварцевого сырья
|f [подгот. В. П. Дроздовым и др.]
|
| 210 |
|
|
|a Москва
|c Недра
|d 1985
|
| 215 |
|
|
|a 136 с.
|c ил.
|d 21 см
|
| 610 |
1 |
|
|a кварцевые месторождения
|
| 610 |
1 |
|
|a поиски
|
| 610 |
1 |
|
|a горный хрусталь
|
| 610 |
1 |
|
|a геологическая разведка
|
| 610 |
1 |
|
|a прогноз
|
| 610 |
1 |
|
|a кварцевое сырье
|
| 610 |
1 |
|
|a опробование
|
| 610 |
1 |
|
|a запасы
|
| 610 |
1 |
|
|a подсчет
|
| 675 |
|
|
|a 553.576
|z rus
|
| 701 |
|
1 |
|a Дроздов
|b В. П.
|
| 701 |
|
1 |
|a Евстропов
|b А. А.
|
| 701 |
|
1 |
|a Шатнов
|b Ю. А.
|
| 801 |
|
0 |
|a RU
|b RuMRKP
|c 19950704
|g psbo
|
| 801 |
|
1 |
|a RU
|b 63413507
|c 20070227
|g PSBO
|
| 801 |
|
2 |
|a RU
|b 63413507
|c 20080402
|g PSBO
|
| 942 |
|
|
|c BK
|